Normal view
MARC view
Entry Topical Term
001 - CONTROL NUMBER
- control field: 712722
003 - CONTROL NUMBER IDENTIFIER
- control field: OSt
005 - DATE AND TIME OF LATEST TRANSACTION
- control field: 20221007121659.0
008 - FIXED-LENGTH DATA ELEMENTS
- fixed length control field: 221007|| aca||aabn | a|a d
040 ## - CATALOGING SOURCE
- Original cataloging agency: OSt
- Transcribing agency: OSt
150 ## - HEADING--TOPICAL TERM
- Topical term or geographic name entry element: Statistics irt Biology
670 ## - SOURCE DATA FOUND
- Source citation: Work cat.: (OSt)1209173: Bailey Norman T J 453242, Statistical methods in biology by Norman T J Bailey, 1994
